The Leader of the Future New Visions, Strategies, and Practices for the Next Era
Saved in:
| Other Authors: | , , |
|---|---|
| Format: | Book |
| Language: | English |
| Published: |
San Francisco
Jossey-Bass Publ.
1996
|
| Edition: | 1. ed. |
| Series: | The Drucker Foundation Future Series
|
| Subjects: | |
| Tags: |
No Tags, Be the first to tag this record!
|
MARC
| LEADER | 00000nam a2200000 4500 | ||
|---|---|---|---|
| 001 | c019713 | ||
| 005 | 20230117134118.1 | ||
| 020 | |a 0-7879-0180-6 | ||
| 041 | 0 | |a eng | |
| 044 | |a US | ||
| 245 | 1 | 0 | |a The Leader of the Future |b New Visions, Strategies, and Practices for the Next Era |c Edit. Frances Hesselbein, Marshall Goldsmith, Richard Beckhard |
| 250 | |a 1. ed. | ||
| 264 | 1 | |a San Francisco |b Jossey-Bass Publ. |c 1996 | |
| 300 | |a 319 s. | ||
| 490 | 1 | |a The Drucker Foundation Future Series | |
| 830 | 0 | |a The Drucker Foundation Future Series | |
| 610 | 2 | 0 | |a pracovníci vedúci |
| 610 | 2 | 0 | |a pracovníci riadiaci |
| 610 | 2 | 0 | |a pracovníci kvalifikovaní |
| 610 | 2 | 0 | |a riadenie vrcholové |
| 610 | 2 | 0 | |a riaditelia |
| 610 | 2 | 0 | |a plánovanie strategické |
| 700 | 1 | |a Hesselbein, Frances | |
| 700 | 1 | |a Goldsmith, Marshall | |
| 700 | 1 | |a Beckhard, Richard | |